| 000 | 01355nam a2200313 i 4500 | ||
|---|---|---|---|
| 001 | 15969 | ||
| 003 | ES-MaACL | ||
| 005 | 20250806012606.0 | ||
| 007 | t| | ||
| 008 | 000530s1999 sp ||||0| spa j | ||
| 020 | _a84-7846-838-2 | ||
| 040 |
_aM-BN _bspa _cM-BN |
||
| 080 | _a61(=927) | ||
| 100 | 1 |
_aAvicena. _924038 |
|
| 245 | 1 | 0 |
_aPoema de la medicina / _cAvicena (370-426 Hégira) = Urguza Fi T-Tibb / Al-Husayn Ibn Abd Allah Ibn Sina ; edición, introducción, traducción y notas, Najaty S. Jabary y Pilar Salamanca. |
| 250 |
_aEdición bilingü[e] basada en la transcripción del manuscrito 1752 BN Alger _bpublicada por Henri Jahier y Abdelkader Noureddine en "Les Belles Lettres", París 1956. |
||
| 260 |
_a[Valladolid] : _bConsejería de Educación y Cultura, _c1999. |
||
| 300 |
_a227 p. : _bil. ; _c25 cm. |
||
| 490 | 1 |
_aEstudios de historia de la ciencia y de la técnica ; _v14 |
|
| 500 | _aTexto en árabe y traducción en español. | ||
| 650 | 1 | 7 |
_aMedicina árabe _2embne _914919 |
| 700 | 1 |
_aJaraby, Najaty S. _966097 |
|
| 700 | 1 |
_aSalamanca, Pilar. _9101706 |
|
| 710 | 1 |
_aCastilla y León. _bConsejería de Educación y Cultura. _92500 |
|
| 830 | 0 |
_aEstudios de historia de la ciencia y de la técnica ; _v14 _9179843 |
|
| 852 |
_aES-MaACL _jL-23231 _bR.128236 |
||
| 999 |
_c15969 _d15969 |
||